[Event "Dortmund ABC Serie A-23"]
[Site "Dortmund"]
[Date "2005.04.27"]
[Round "4"]
[White "Zaremba, Joerg"]
[Black "Thavarajah, Sutharjan"]
[Result "1/2-1/2"]
[WhiteElo "1447"]
[BlackElo "1336"]
[PlyCount "64"]
[EventDate "2005.04.13"]
[EventType "tourn"]
[EventRounds "13"]
[EventCountry "GER"]
[SourceTitle "EXT 2007"]
[Source "ChessBase"]
[SourceDate "2006.11.23"]
[SourceVersion "1"]
[SourceVersionDate "2006.11.23"]
[SourceQuality "1"]

1. Nf3 e6 2. d4 Nf6 3. c4 d5 4. Nc3 Bb4 5. Bg5 h6 6. Bxf6 Qxf6 7. cxd5 exd5 8. e3 Qb6 9. Bd3 Bxc3+ 10. bxc3 Qb2 11. c4 dxc4 12. Bxc4 Qc3+ 13. Nd2 Nd7 14. 0-0 0-0 15. Rc1 Qa5 16. Bb3 c6 17. Ne4 Re8 18. Qf3 Re7 19. Rfd1 Nb6 20. Rc5 Qa3 21. Nd6 Be6 22. Nf5 Ree8 23. Qg4 Bxf5 24. Qxf5 Re7 25. Bc2 g6 26. Qf6 Rae8 27. Bb3 Nd7 28. Bxf7+ Rxf7 29. Qxg6+ Kf8 30. Qxh6+ Ke7 31. Qg5+ Kf8 32. Qh6+ Ke7 1/2-1/2

[Event "Dortmund ABC Serie A-22"]
[Site "Dortmund"]
[Date "2004.11.24"]
[Round "11"]
[White "Zaremba, Joerg"]
[Black "Dieckmann, Rudolf"]
[Result "0-1"]
[WhiteElo "1450"]
[BlackElo "1496"]
[PlyCount "54"]
[EventDate "2004.10.06"]
[EventType "tourn"]
[EventRounds "13"]
[EventCountry "GER"]
[SourceTitle "EXT 2006"]
[Source "ChessBase"]
[SourceDate "2005.11.24"]
[SourceVersion "1"]
[SourceVersionDate "2005.11.24"]
[SourceQuality "1"]

1. e4 e6 2. Nf3 b6 3. d4 d6 4. c4 Bb7 5. Nc3 h6 6. Be2 g6 7. Be3 Bg7 8. a3 Ne7 9. Qc2 c6 10. 0-0 Nd7 11. Rad1 Qc7 12. b4 f5 13. c5 g5 14. cxd6 Qxd6 15. e5 Qb8 16. Bc4 Nf8 17. Qb3 Nd5 18. Bc1 b5 19. Bd3 Qc8 20. Nxd5 exd5 21. Qc2 f4 22. Bf5 Qc7 23. Qc5 Bc8 24. Bxc8 Rxc8 25. Rfe1 Ne6 26. Qd6 Kf7 27. Bb2 Qb7 0-1

[Event "Dortmund ABC Serie A-22"]
[Site "Dortmund"]
[Date "2004.11.03"]
[Round "7"]
[White "Zaremba, Joerg"]
[Black "Gegner, Michael"]
[Result "1/2-1/2"]
[WhiteElo "1450"]
[BlackElo "1474"]
[PlyCount "29"]
[EventDate "2004.10.06"]
[EventType "tourn"]
[EventRounds "13"]
[EventCountry "GER"]
[SourceTitle "EXT 2006"]
[Source "ChessBase"]
[SourceDate "2005.11.24"]
[SourceVersion "1"]
[SourceVersionDate "2005.11.24"]
[SourceQuality "1"]

1. Nf3 h6 2. e4 g5 3. h3 Bg7 4. Nc3 e5 5. Bc4 Ne7 6. d4 Nbc6 7. Nxe5 Nxe5 8. dxe5 Bxe5 9. Qh5 Ng6 10. 0-0 d6 11. Be3 c6 12. Rad1 Qe7 13. g3 Be6 14. Bxe6 Qxe6 15. Kg2 1/2-1/2

[Event "Dortmund ABC Serie A-22"]
[Site "Dortmund"]
[Date "2004.10.29"]
[Round "6"]
[White "Herrmann, Rudolf"]
[Black "Zaremba, Joerg"]
[Result "1/2-1/2"]
[WhiteElo "1317"]
[BlackElo "1450"]
[PlyCount "90"]
[EventDate "2004.10.06"]
[EventType "tourn"]
[EventRounds "13"]
[EventCountry "GER"]
[SourceTitle "EXT 2006"]
[Source "ChessBase"]
[SourceDate "2005.11.24"]
[SourceVersion "1"]
[SourceVersionDate "2005.11.24"]
[SourceQuality "1"]

1. Nf3 b6 2. e4 e6 3. Be2 Bb7 4. d3 Be7 5. 0-0 c5 6. c4 Nc6 7. Nbd2 Qc7 8. a3 Nf6 9. Ne1 Nd4 10. Ndf3 Nxe2+ 11. Qxe2 Rc8 12. Bg5 d6 13. Bxf6 Bxf6 14. Rb1 0-0 15. Nc2 g6 16. b4 Bg7 17. Rbd1 f5 18. d4 fxe4 19. Ng5 Qe7 20. Nxe4 d5 21. Ng3 cxb4 22. Nxb4 a5 23. Nxd5 Bxd5 24. cxd5 e5 25. Rb1 Qd6 26. dxe5 Bxe5 27. Qa2 Rf4 28. Qb3 Rfc4 29. Qxb6 Qxd5 30. Rb5 R4c5 31. a4 Rxb5 32. axb5 Rb8 33. Qxa5 Rxb5 34. Qe1 Qf7 35. Qe4 Rd5 36. Qc4 Bd4 37. Ne2 Ba7 38. Nf4 Rd4 39. Qxf7+ Kxf7 40. Nh3 Rd2 41. g3 Kf6 42. Kg2 g5 43. Kh1 g4 44. Nf4 Rxf2 45. Rxf2 Bxf2 1/2-1/2

[Event "Dortmund ABC Serie A-21"]
[Site "Dortmund"]
[Date "2004.04.24"]
[Round "2"]
[White "Zaremba, Joerg"]
[Black "Wilms, Christoph"]
[Result "1-0"]
[WhiteElo "1476"]
[BlackElo "1330"]
[PlyCount "71"]
[EventDate "2004.04.21"]
[EventType "tourn"]
[EventRounds "11"]
[EventCountry "GER"]
[SourceTitle "EXT 2006"]
[Source "ChessBase"]
[SourceDate "2005.11.24"]
[SourceVersion "1"]
[SourceVersionDate "2005.11.24"]
[SourceQuality "1"]

1. e4 c5 2. c3 d5 3. exd5 Qxd5 4. Qf3 Qxf3 5. Nxf3 Nc6 6. Bb5 Bd7 7. Na3 a6 8. Be2 Nf6 9. d3 e6 10. Nc4 Be7 11. Bf4 0-0 12. Nd6 Nd5 13. Bg3 b5 14. a3 f6 15. Rc1 e5 16. Ne4 h6 17. b4 cxb4 18. cxb4 f5 19. Nc5 Bxc5 20. Rxc5 Nde7 21. Bxe5 Nxe5 22. Nxe5 Be6 23. Kd2 Rac8 24. Rhc1 Rfd8 25. Bf3 g5 26. Bb7 Rxc5 27. Rxc5 Rd6 28. Ke2 Nd5 29. g3 Kg7 30. Rc6 Rxc6 31. Nxc6 Nc3+ 32. Ke3 Nd1+ 33. Ke2 Nc3+ 34. Kd2 Nd5 35. Nd4 Bd7 36. Bxd5 1-0

[Event "Dortmund Kleiner Koenig VM-B"]
[Site "Dortmund"]
[Date "2004.03.23"]
[Round "5"]
[White "Kluge, Klaus"]
[Black "Zaremba, Joerg"]
[Result "0-1"]
[WhiteElo "1369"]
[BlackElo "1467"]
[PlyCount "74"]
[EventDate "2004.02.17"]
[EventType "tourn"]
[EventRounds "7"]
[EventCountry "GER"]
[SourceTitle "EXT 2006"]
[Source "ChessBase"]
[SourceDate "2005.11.24"]
[SourceVersion "1"]
[SourceVersionDate "2005.11.24"]
[SourceQuality "1"]

1. d4 d5 2. c4 c6 3. Nc3 Nf6 4. Bf4 Bf5 5. e3 e6 6. c5 Be7 7. h3 0-0 8. Nf3 Nbd7 9. Qb3 b6 10. cxb6 axb6 11. a3 Ne4 12. Rc1 Nxc3 13. Rxc3 c5 14. Bb5 cxd4 15. Nxd4 Nc5 16. Qd1 Be4 17. b4 Nd7 18. Nc6 Qe8 19. Nxe7+ Qxe7 20. Bxd7 Qxd7 21. Rc7 Qb5 22. Qc1 Bxg2 23. Rg1 Bf3 24. Qb2 d4 25. Bh6 g6 26. Bxf8 Kxf8 27. Rg3 Qe5 28. Rd7 Bc6 29. Rxd4 Re8 30. Qb3 Bd5 31. Qc2 Ra8 32. a4 Kg7 33. b5 f6 34. Qc3 Rxa4 35. Qc8 Rxd4 36. f4 Qe4 37. Qd7+ Kh6 0-1

[Event "Dortmund7"]
[Site "Dortmund"]
[Date "2003.11.29"]
[Round "13"]
[White "Zaremba, Joerg"]
[Black "Nettbohl, Werner"]
[Result "1-0"]
[WhiteElo "1405"]
[BlackElo "1530"]
[PlyCount "141"]
[EventDate "2003.10.01"]
[EventType "tourn"]
[EventRounds "13"]
[EventCountry "GER"]
[SourceTitle "EXT 2007"]
[Source "ChessBase"]
[SourceDate "2006.11.23"]
[SourceVersion "1"]
[SourceVersionDate "2006.11.23"]
[SourceQuality "1"]

1. e4 e5 2. Nf3 Nc6 3. d4 exd4 4. Nxd4 Bc5 5. Nxc6 bxc6 6. Bc4 Qf6 7. 0-0 d6 8. Nc3 Ne7 9. Qe2 Ng6 10. Na4 Bb6 11. Nxb6 axb6 12. Qe3 Ne5 13. Be2 0-0 14. f4 Nd7 15. a3 Ba6 16. Bxa6 Rxa6 17. Rb1 Re8 18. b4 Qe6 19. Qd3 Raa8 20. Re1 f6 21. Bb2 Re7 22. Re3 Qa2 23. c4 b5 24. cxb5 cxb5 25. Qc2 Qc4 26. Rc1 Nb6 27. Rc3 Qd4+ 28. Kf1 Na4 29. Rxc7 Rxc7 30. Bxd4 Rxc2 31. Rxc2 Re8 32. Re2 Rc8 33. Kf2 Nc3 34. Re1 Rc4 35. Ke3 d5 36. exd5 Nxd5+ 37. Ke4 Ne7 38. Kd3 Kf7 39. g3 Nc6 40. Bc5 h6 41. Rb1 Ke6 42. a4 Kd5 43. axb5 Nd8 44. b6 Nb7 45. Bf8 Rd4+ 46. Ke3 g6 47. Bxh6 Nd6 48. Bf8 Nc4+ 49. Ke2 Re4+ 50. Kf2 Kc6 51. Re1 Rxe1 52. Kxe1 Nxb6 53. Ke2 Kd5 54. Kd3 f5 55. h3 Nd7 56. Be7 Ke6 57. Bg5 Kd5 58. g4 Nf8 59. gxf5 gxf5 60. h4 Ng6 61. b5 Kc5 62. b6 Kxb6 63. Kd4 Kc6 64. h5 Nf8 65. Ke5 Kd7 66. Kxf5 Ke8 67. Kf6 Nh7+ 68. Kg7 Nf8 69. f5 Nd7 70. Bf4 Nf8 71. h6 1-0

[Event "Dortmund7"]
[Site "Dortmund"]
[Date "2003.11.05"]
[Round "7"]
[White "Zaremba, Joerg"]
[Black "Mueller, Siegfried"]
[Result "1-0"]
[WhiteElo "1405"]
[BlackElo "1412"]
[PlyCount "39"]
[EventDate "2003.10.01"]
[EventType "tourn"]
[EventRounds "13"]
[EventCountry "GER"]
[SourceTitle "EXT 2007"]
[Source "ChessBase"]
[SourceDate "2006.11.23"]
[SourceVersion "1"]
[SourceVersionDate "2006.11.23"]
[SourceQuality "1"]

1. e4 c5 2. Nf3 Nc6 3. b3 d6 4. Bb2 e6 5. Be2 Nf6 6. Nc3 Be7 7. 0-0 0-0 8. d4 cxd4 9. Nxd4 a6 10. Qd2 Qc7 11. Rad1 b5 12. Nxc6 Qxc6 13. Bf3 Qc5 14. e5 Nd5 15. Nxd5 exd5 16. Bxd5 Rb8 17. exd6 Bxd6 18. Qg5 Bxh2+ 19. Kh1 Be5 20. Qxe5 1-0